000 00262nam a2200109Ia 4500
005 20251222114402.0
008 251222s1900||||xx |||||||||||||| ||spa||
082 _aDVD0153/M29/2006
245 0 _aLos enigmas de Guadalupe.
264 _bMaussan, Jaime
942 _cDVD
999 _c1691
_d1691